Messa di mezzanotte /

Saved in:
Bibliografiske detaljer
Hovedforfatter: Bowles, Paul, (1910-1999) (Author)
Andre forfattere: Bagnoli, Katia, Bandel Dragone, Francesca
Format: Bog
Sprog:italiensk
Udgivet: Milano : Feltrinelli, 2007
Serier:Universale economica ; 1987
Tags: Tilføj Tag
Ingen Tags, Vær først til at tagge denne postø!

MARC

LEADER 00000nam a22000007i 4500
001 IT\ICCU\LO1\1134754
003 ItRI
005 20250306192138.0
008 070615s2007 it |||||| ||||| |||||c
020 |a 9788807819872 
040 |b ita  |c ARCIGAY RIMINI 
041 7 |a ita  |2 ISO-639-2 
082 |a 813.54  |2 21 
100 1 |a Bowles, Paul,  |d  (1910-1999)  |0 IT\ICCU\CFIV\094005  |4 aut 
240 1 0 |a Midnight mass.  |9 Bowles, Paul <1910-1999> 
245 1 0 |a Messa di mezzanotte /  |c Paul Bowles ; traduzione di Katia Bagnoli e Francesca Bandel Dragone. 
260 |a Milano :  |b Feltrinelli,  |c 2007 
300 |a 164 p. ;  |c 20 cm. 
700 1 |a Bagnoli, Katia  |0 IT\ICCU\CFIV\054895 
700 1 |a Bandel Dragone, Francesca  |0 IT\ICCU\CFIV\094097 
830 0 |a Universale economica ;  |v 1987  |0 IT\ICCU\CFI\0001103 
942 |2 ddc  |c BK 
952 |0 0  |1 0  |2 ddc  |4 0  |6 813_540000000000000_BOW_HES  |7 1  |9 3629  |a RN  |b RN  |d 2025-03-06  |l 0  |o 813.54 BOW HES  |p 10888  |r 2025-03-06 19:22:16  |w 2025-03-06  |x DONAZIONE DI GIOVANNI RIMONDINI  |y BK  |z DONAZIONE DI GIOVANNI RIMONDINI 
981 1 |6 z01  |a i   |b xxxe  
982 1 |6 z01  |a n 
999 |c 2822  |d 2822